Pullingue.

Bibliographic Details
Corporate Author: Instituto Geográfico Militar (Chile)
Format: Mapa
Language:Spanish
Published: Santiago, Chile Instituto Geográfico Militar 2007
Edition:3a. ed.
Subjects:

MARC

LEADER 00000cem a2200000 a 4500
001 038856
003 UAHC_CL
005 20170803124317.0
008 100902s2007 cl 000 spa
040 |a UAHC_CL  |c UAHC_CL  |d UAHC_CL 
245 1 0 |a Pullingue. 
250 |a 3a. ed. 
255 |a Escala: 1:50.000 
260 |b Instituto Geográfico Militar  |c 2007  |a Santiago, Chile 
300 |a 1 mapa mural  |b col.  |c 55 x 43 cm sobre pliego 80 x 62 cm 
500 |a Escala: 1:50.000 
651 4 |a PULLINGUE (CHILE)  |v MAPAS 
651 4 |a REGION DE LOS LAGOS (CHILE)  |v MAPAS 
710 1 |a Instituto Geográfico Militar (Chile) 
900 |a R.912.8353 PUL 
942 |c MAP 
952 |0 0  |1 0  |4 0  |6 R__912_835300000000000_PUL  |7 0  |8 Mapoteca  |9 74289  |a BC  |b BC  |c Mapoteca  |d 2017-08-03  |l 0  |o R.912.8353 PUL  |p 1378766  |r 2019-12-09 00:00:00  |t 1  |w 2017-08-03  |y MAP 
952 |0 0  |1 0  |4 0  |6 R__912_835300000000000_PUL  |7 0  |8 Mapoteca  |9 74290  |a BC  |b BC  |c Mapoteca  |d 2017-08-03  |l 0  |o R.912.8353 PUL  |p 1420753  |r 2019-12-09 00:00:00  |t 1  |w 2017-08-03  |y MAP 
999 |c 38856  |d 38856